Neet Foundation Physics Chemistry Biology/ (Record no. 204012)

MARC details
000 -LEADER
fixed length control field 00763nam a22001937a 4500
005 - DATE AND TIME OF LATEST TRANSACTION
control field 20240710122057.0
008 - FIXED-LENGTH DATA ELEMENTS--GENERAL INFORMATION
fixed length control field 090826t xxu||||| |||| 00| 0 eng d
010 ## - LCCN (DPL NO)
LC control number ENG-140812
020 ## - INTERNATIONAL STANDARD BOOK NUMBER
International Standard Book Number 978-93-937-9090-3
Terms of availability 744.00
035 ## - SYSTEM CONTROL NUMBER
System control number EN-124344
037 ## - SOURCE OF ACQUISITION
Source of stock number/acquisition DBAD
082 ## - DEWEY DECIMAL CLASSIFICATION NUMBER
Classification number 500
245 ## - TITLE STATEMENT
Title Neet Foundation Physics Chemistry Biology/
Medium English
260 ## - PUBLICATION, DISTRIBUTION, ETC. (IMPRINT)
Name of publisher, distributor, etc by Person India Education Services Pvt. Ltd,CIN: U72200TN2005PTC057128.
Place of publication, distribution, etc Uttar Pradesh
Date of publication, distribution, etc 2022
270 ## - ADDRESS
Address 15th Floor,Tower-B,World Trade Tower,PlotNo.1,Block-C,Sector16,Noida201 301,
City Uttar Pradesh
Postal code 201 302
Telephone number 044-66540100
300 ## - PHYSICAL DESCRIPTION
Extent various pages:
Dimensions 25cm(pb)
500 ## - GENERAL NOTE
General note Based On NCERT Curriculum 2022
942 ## - ADDED ENTRY ELEMENTS (KOHA)
Source of classification or shelving scheme Dewey Decimal Classification
Item type English Books
Classification part 500
Holdings
Withdrawn status Lost status Source of classification or shelving scheme Damaged status Not for loan Collection code Home library Current library Date acquired Source of acquisition Cost, normal purchase price Total Checkouts Full call number Barcode Date last seen Copy number Cost, replacement price Koha item type
    Dewey Decimal Classification     Non-fiction New Police Line New Police Line 08/07/2024 DBAD 744.00   500 NEE EN-124344 08/07/2024 1 744.00 English Books

© Delhi Public Library
Hit Counter
free hit counter